|
|
|
|
| LEADER |
00000nam0a2200000 4500 |
| 001 |
268864 |
| 005 |
20231101234214.0 |
| 020 |
|
|
|a RU
|b 86-65159ж
|
| 035 |
|
|
|a (RuTPU)RU\TPU\book\292020
|
| 090 |
|
|
|a 268864
|
| 100 |
|
|
|a 20140910d1986 k y0rusy5003 ca
|
| 101 |
0 |
|
|a rus
|
| 102 |
|
|
|a RU
|
| 105 |
|
|
|a a z 001zy
|
| 200 |
1 |
|
|a Системы водоснабжения тепловых и атомных электростанций
|e сборник научных трудов
|f Всесоюзный научно-исследовательский институт гидротехники им. Б. Е. Веденеева (ВНИИГ)
|
| 210 |
|
|
|a Ленинград
|c Энергоатомиздат
|d 1986
|
| 215 |
|
|
|a 104 с.
|c ил.
|d 26 см
|
| 225 |
1 |
|
|a Известия ВНИИГ им. Б. Е. Веденеева
|v Т. 192
|
| 320 |
|
|
|a Библиогр. в конце статей
|
| 606 |
1 |
|
|a Тепловые электрические станции
|x Водное хозяйство
|2 stltpush
|3 (RuTPU)RU\TPU\subj\59604
|9 77114
|
| 606 |
1 |
|
|a Атомные электрические станции
|x Теплоносители водные
|2 stltpush
|3 (RuTPU)RU\TPU\subj\29765
|9 53030
|
| 610 |
1 |
|
|a техническое водоснабжение
|
| 610 |
1 |
|
|a ТЭС
|
| 610 |
1 |
|
|a АЭС
|
| 610 |
1 |
|
|a комбинированные системы
|
| 610 |
1 |
|
|a исследование
|
| 610 |
1 |
|
|a расчет
|
| 610 |
1 |
|
|a охладители
|
| 610 |
1 |
|
|a градирни
|
| 610 |
1 |
|
|a оросительные системы
|
| 610 |
1 |
|
|a температурный режим
|
| 610 |
1 |
|
|a формирование
|
| 675 |
|
|
|a 621.311.22:628
|z rus
|v 3
|
| 675 |
|
|
|a 621.311.25:621.039.53
|z rus
|v 3
|
| 712 |
0 |
2 |
|a Всесоюзный научно-исследовательский институт гидротехники им. Б. Е. Веденеева (ВНИИГ)
|2 stltpush
|3 (RuTPU)RU\TPU\col\11485
|
| 801 |
|
0 |
|a RU
|b RuMRKP
|c 19950417
|g psbo
|
| 801 |
|
1 |
|a RU
|b 63413507
|c 20140910
|
| 801 |
|
2 |
|a RU
|b 63413507
|c 20161017
|g RCR
|
| 942 |
|
|
|c BK
|